Business resumption planning, second supplement

Bibliographic Details
Corporate Author: ProQuest (Firm)
Format: Electronic eBook
Language:English
Published: Boca Raton; London ; New York : Auerbach, CRC Press, c2000.
Subjects:
Online Access:Click to View
LEADER 01219nam a2200313Ia 4500
001 EBC3059206
003 MiAaPQ
005 20200520144314.0
006 m o d |
007 cr cn|||||||||
008 060425s2000 flu s 000 0 eng d
020 |z 0849398355 
035 |a (MiAaPQ)EBC3059206 
035 |a (Au-PeEL)EBL3059206 
035 |a (CaPaEBR)ebr10075657 
035 |a (OCoLC)427506489 
040 |a MiAaPQ  |c MiAaPQ  |d MiAaPQ 
050 4 |a HD30.28  |b .B87 2000 
245 0 0 |a Business resumption planning, second supplement  |h [electronic resource] /  |c Edward S. Devlin, Cole H. Emerson, Leo A. Wrobel, Jr., Mark B. Desman. 
246 1 6 |a Information and communications for development 2006 
246 3 0 |a Global trends and policies 
260 |a Boca Raton;  |a London ;  |a New York :  |b Auerbach, CRC Press,  |c c2000. 
300 |a 995 p. 
533 |a Electronic reproduction. Ann Arbor, MI : ProQuest, 2015. Available via World Wide Web. Access may be limited to ProQuest affiliated libraries. 
650 0 |a Business planning. 
650 0 |a Planning. 
655 4 |a Electronic books. 
710 2 |a ProQuest (Firm) 
856 4 0 |u https://ebookcentral.proquest.com/lib/matrademy/detail.action?docID=3059206  |z Click to View